000 02428cam a2200289Ii 4500
005 20170315144007.0
008 120224r20131988nju b 001 0 eng d
020 _a9781607240464 (hardback)
020 _a1607240467 (hardback)
040 _aBTCTA
_beng
_erda
_cBTCTA
_dVT2
_dOCLCO
_dOCLCA
_dOCLCF
_dKTS
050 4 _aBP130.45
_b.A66 2013
245 0 0 _aApproaches to the history of the interpretation of the Qur'ān /
_cedited by Andrew Rippin.
264 1 _aPiscataway, New Jersey :
_bGorgias Press LLC,
_c2013.
300 _axi, 334 pages ;
_c24 cm.
336 _atext
_btxt
_2rdacontent
337 _aunmediated
_bn
_2rdamedia
338 _avolume
_bnc
_2rdacarrier
490 _aGorgias Islamic studies
500 _aFirst published by Oxford University Press, 1988.
504 _aIncludes bibliographical references and indexes.
505 0 0 _tOrigins and early development of the tafsīr tradition /
_rFred Leemhuis --
_tThe value of the Ḥafṣ and Warsh transmissions for the textual history of the Qurʼān /
_rAdrian Brockett --
_tQuranic hermeneutics : the views of al-Ṭabarī and Ibn Kathīr /
_rJane Dammen McAuliffe --
_tThe function of ḥadīth as commentary on the Qurʼān, as seen in the six authoritative collections /
_rR. Marston Speight --
_tLegends in tafsīr and ḥadīth literature : the creation of Ādam and related stories /
_rM. J. Kister --
_tThe exegetical genre nāsikh al-Qurʼān wa mansūkhuhu /
_rDavid S. Powers --
_tThe rhetorical interpretaion of the Qurʼān : iʻjāz and related topics /
_rIssa J. Boullata --
_tLexicographical texts and the Qurʼān /
_rAndrew Rippin --
_tThe speaking Qurʼān and the silent Qurʼān : a study of the principles and development of Imāmī Shīʻī tafsīr /
_rMahmoud Ayoub --
_tIsmāʻīlī taʼwīl of the Qurʼān /
_rIsmail K. Poonawala --
_tInterpretation as revelation : the Qurʼān commentary of Sayyid ʻAlī Muḥammad Shīrāzī, the Bāb (1819-1850) /
_rB. Todd Lawson --
_tQuranic exegesis in the Malay world : in search of a profile /
_rAnthony H. Johns --
_tQurʼān recitation training in Indonesia : a survey of contexts and handbooks /
_rFrederick M. Denny --
_tAbūʼl-Aʻlā Mawdūdī's Tafhīm al-Qurʼān /
_rCharles J. Adams.
590 _a0201402460244-90.00
630 0 0 _aKoran
_xCriticism, interpretation, etc.
_xHistory
_vCongresses.
700 1 _aRippin, Andrew,
_d1950-
_eeditor.
830 0 _aGorgias Islamic studies ;
_v1.
942 _2lcc
_cBK
999 _c40437
_d40437